Chemical engineering plant design (Record no. 18678)

000 -LEADER
fixed length control field 00563nam a22002051 4500
001 - CONTROL NUMBER
control field 18678
003 - CONTROL NUMBER IDENTIFIER
control field BD-DhUET
008 - FIXED-LENGTH DATA ELEMENTS--GENERAL INFORMATION
fixed length control field 840411s1959 nyua 000 0 eng
040 ## - CATALOGING SOURCE
Original cataloging agency DLC/ICU
Transcribing agency ICU
Modifying agency BD-DhUET
082 00 - DEWEY DECIMAL CLASSIFICATION NUMBER
Classification number 660.28
Item number VIL/1959
100 1# - MAIN ENTRY--PERSONAL NAME
Personal name Vilbrandt, Frank C.
245 10 - TITLE STATEMENT
Title Chemical engineering plant design
250 ## - EDITION STATEMENT
Edition statement 4th ed.
260 ## - PUBLICATION, DISTRIBUTION, ETC. (IMPRINT)
Place of publication, distribution, etc. New York
Name of publisher, distributor, etc. McGraw-Hill
Date of publication, distribution, etc. 1959
300 ## - PHYSICAL DESCRIPTION
Extent 534 p.
Other physical details illus.
Dimensions 24 cm.
490 0# - SERIES STATEMENT
Series statement McGraw-Hill series in chemical engineering
650 #0 - SUBJECT ADDED ENTRY--TOPICAL TERM
Topical term or geographic name as entry element Chemical engineering
700 ## - ADDED ENTRY--PERSONAL NAME
Personal name Dryden, Charles E.
942 ## - ADDED ENTRY ELEMENTS (KOHA)
Koha item type General Book
Holdings
Location (home branch) Koha item type Source of classification or shelving scheme Sublocation or collection (holding branch) Withdrawn status Koha full call number Koha normalized classification for sorting Not for loan Damaged status Price effective from Piece designation (barcode) Lost status Koha date last seen Date acquired Shelving location Copy number
Central Library, BUETGeneral Book Central Library, BUET 660.28/VIL/1959660_280000000000000_VIL_1959  2015-03-3116370 2015-03-312015-03-31Circulation section1
Central Library, BUETGeneral Book Central Library, BUET 660.28/VIL/1959660_280000000000000_VIL_1959  2015-03-3124467 2015-03-312015-03-31Circulation section2
Central Library, BUETContented Book  Central Library, BUET 660.28/VIL/1959660_280000000000000_VIL_1959  2015-03-3124468 2015-03-312015-03-31Circulation section3
Central Library, BUETGeneral Book Central Library, BUET 660.28/VIL/1959660_280000000000000_VIL_1959  2015-03-3116369 2015-03-312015-03-31Circulation section4
Central Library, BUETGeneral Book Central Library, BUET 660.28/VIL/1959660_280000000000000_VIL_1959  2015-05-141060 2015-05-142015-05-14Circulation section5
Central Library, BUETGeneral Book Central Library, BUET 660.28/VIL/1959660_280000000000000_VIL_1959  2015-05-1411229 2015-05-142015-05-14Circulation section6
Central Library, BUETReading Item Central Library, BUET 660.28/VIL/1959660_280000000000000_VIL_1959  2015-06-1811231 2015-06-182015-06-18Reading section7